[Event "Berlin Spring op-A"]
[Site "Berlin"]
[Date "2014.05.04"]
[Round "7"]
[White "Segna, Ulrich"]
[Black "Heinemann, Josefine"]
[Result "1/2-1/2"]
[WhiteElo "2102"]
[BlackElo "2024"]
[PlyCount "81"]
[EventDate "2014.05.01"]
[EventType "swiss"]
[EventRounds "7"]
[EventCountry "GER"]
[SourceTitle "CBM 160 Extra"]
[Source "ChessBase"]
[SourceDate "2014.07.01"]
[SourceVersion "1"]
[SourceVersionDate "2014.07.01"]
[SourceQuality "1"]

1. d4 Nf6 2. Nf3 g6 3. c4 Bg7 4. Nc3 d5 5. cxd5 Nxd5 6. e4 Nxc3 7. bxc3 c5 8. Rb1 0-0 9. Be2 b6 10. 0-0 Bb7 11. Qd3 e6 12. Rd1 Ba6 13. Qe3 Bxe2 14. Qxe2 Qc7 15. Bg5 Nd7 16. e5 Rfc8 17. Rd2 cxd4 18. cxd4 Qc4 19. Qe4 Nxe5 20. Nxe5 Qc1+ 21. Qe1 Qxe1+ 22. Rxe1 f6 23. Nf3 fxg5 24. Rxe6 Rc1+ 25. Re1 Rxe1+ 26. Nxe1 Kf7 27. h3 b5 28. Nf3 h6 29. Rc2 a5 30. Rc7+ Kf8 31. Kf1 b4 32. Ke2 a4 33. Kd3 b3 34. axb3 a3 35. Rc1 Kf7 36. Ra1 Ke6 37. Ke4 Bf8 38. Ra2 Rb8 39. Nd2 Be7 40. g3 Bf8 41. Rc2 1/2-1/2

[Event "Berlin Spring op-A"]
[Site "Berlin"]
[Date "2014.05.03"]
[Round "5"]
[White "Lichey, Dustin"]
[Black "Segna, Ulrich"]
[Result "1/2-1/2"]
[WhiteElo "1976"]
[BlackElo "2102"]
[PlyCount "48"]
[EventDate "2014.05.01"]
[EventType "swiss"]
[EventRounds "7"]
[EventCountry "GER"]
[SourceTitle "CBM 160 Extra"]
[Source "ChessBase"]
[SourceDate "2014.07.01"]
[SourceVersion "1"]
[SourceVersionDate "2014.07.01"]
[SourceQuality "1"]

1. e4 e6 2. Nc3 d5 3. Nf3 Nf6 4. exd5 exd5 5. d4 Bd6 6. Bb5+ c6 7. Qe2+ Be7 8. Bd3 0-0 9. h3 Re8 10. 0-0 Bd6 11. Qd1 h6 12. Re1 Be6 13. Ne5 c5 14. Bb5 Re7 15. Bf4 a6 16. Bf1 Nc6 17. dxc5 Bxc5 18. Nd3 Bd6 19. Qd2 Rd7 20. Bxd6 Rxd6 21. Qf4 d4 22. Ne4 Nxe4 23. Rxe4 Bd5 24. Re8+ Qxe8 1/2-1/2

[Event "Berlin Spring op-A"]
[Site "Berlin"]
[Date "2014.05.02"]
[Round "4"]
[White "Segna, Ulrich"]
[Black "Heistermann, Till"]
[Result "1/2-1/2"]
[WhiteElo "2102"]
[BlackElo "1995"]
[PlyCount "46"]
[EventDate "2014.05.01"]
[EventType "swiss"]
[EventRounds "7"]
[EventCountry "GER"]
[SourceTitle "CBM 160 Extra"]
[Source "ChessBase"]
[SourceDate "2014.07.01"]
[SourceVersion "1"]
[SourceVersionDate "2014.07.01"]
[SourceQuality "1"]

1. d4 d6 2. Nf3 Nf6 3. c4 g6 4. Nc3 Bg7 5. e4 0-0 6. Be2 e5 7. 0-0 Nc6 8. d5 Ne7 9. b4 Ne8 10. c5 h6 11. Nd2 f5 12. a4 Nf6 13. Ba3 fxe4 14. Ndxe4 Nf5 15. b5 Ne8 16. Ra2 Nd4 17. f3 Kh7 18. Bd3 h5 19. cxd6 cxd6 20. Bc1 Bh6 21. Bxh6 Kxh6 22. Qc1+ Kg7 23. a5 Bf5 1/2-1/2

[Event "Berlin Spring op-A"]
[Site "Berlin"]
[Date "2014.05.01"]
[Round "1"]
[White "Segna, Ulrich"]
[Black "Richter, Hans Peter"]
[Result "1-0"]
[WhiteElo "2102"]
[BlackElo "2002"]
[PlyCount "37"]
[EventDate "2014.05.01"]
[EventType "swiss"]
[EventRounds "7"]
[EventCountry "GER"]
[SourceTitle "CBM 160 Extra"]
[Source "ChessBase"]
[SourceDate "2014.07.01"]
[SourceVersion "1"]
[SourceVersionDate "2014.07.01"]
[SourceQuality "1"]

1. d4 Nf6 2. Nf3 g6 3. c4 Bg7 4. Nc3 d5 5. cxd5 Nxd5 6. e4 Nxc3 7. bxc3 0-0 8. Rb1 c5 9. Be2 Nc6 10. d5 Ne5 11. Nxe5 Bxe5 12. Qd2 Qc7 13. f4 Bg7 14. 0-0 Rd8 15. c4 Bd4+ 16. Kh1 e5 17. f5 gxf5 18. Qg5+ Kf8 19. exf5 1-0

[Event "GER Cup"]
[Site "Kassel"]
[Date "2013.05.31"]
[Round "3.1"]
[White "Segna, Ulrich"]
[Black "Strache, Michael"]
[Result "0-1"]
[WhiteElo "2092"]
[BlackElo "2331"]
[PlyCount "48"]
[EventDate "2013.05.30"]
[EventType "k.o."]
[EventRounds "5"]
[EventCountry "GER"]
[SourceTitle "EXT 2017"]
[Source "ChessBase"]
[SourceDate "2016.10.25"]
[SourceVersion "1"]
[SourceVersionDate "2016.10.25"]
[SourceQuality "1"]

1. d4 Nf6 2. Nf3 g6 3. c4 Bg7 4. Nc3 0-0 5. e4 d6 6. Be2 e5 7. 0-0 exd4 8. Nxd4 Re8 9. f3 c6 10. Kh1 Nbd7 11. Bg5 a5 12. Qd2 a4 13. Rad1 Qa5 14. Nc2 Nb6 15. Bf4 Be6 16. Bxd6 Nxc4 17. Bxc4 Bxc4 18. Rfe1 Rad8 19. e5 Nd7 20. Qf4 b5 21. Nb4 Nxe5 22. Bxe5 Rxd1 23. Rxd1 Bxe5 24. Nxc6 Qxc3 0-1

[Event "GER Cup"]
[Site "Kassel"]
[Date "2013.05.30"]
[Round "1.4"]
[White "Reddmann, Hauke"]
[Black "Segna, Ulrich"]
[Result "0-1"]
[WhiteElo "2301"]
[BlackElo "2092"]
[PlyCount "56"]
[EventDate "2013.05.30"]
[EventType "k.o."]
[EventRounds "5"]
[EventCountry "GER"]
[SourceTitle "EXT 2017"]
[Source "ChessBase"]
[SourceDate "2016.10.25"]
[SourceVersion "1"]
[SourceVersionDate "2016.10.25"]
[SourceQuality "1"]

1. d4 f5 2. h3 d5 3. g4 e6 4. Bf4 Bd6 5. Bxd6 Qxd6 6. c3 Nf6 7. Nf3 0-0 8. Qd3 Ne4 9. Nbd2 Nd7 10. Rg1 a5 11. Rg2 b6 12. 0-0-0 Ba6 13. Qc2 a4 14. a3 c5 15. gxf5 exf5 16. dxc5 bxc5 17. c4 Ndf6 18. Ng5 Nxd2 19. Rxd2 d4 20. Qxf5 Bxc4 21. Rg3 Rae8 22. Rc2 Re5 23. Qf4 Bb3 24. Nf3 Nh5 25. Qxe5 Qxe5 26. Nxe5 Nxg3 27. Bg2 Rxf2 28. Rxc5 Kf8 0-1

[Event "SVR-ch MAT-I 36th"]
[Site "Idar Oberstein"]
[Date "2013.03.28"]
[Round "5"]
[White "Segna, Ulrich"]
[Black "Goetz, Heiko"]
[Result "1/2-1/2"]
[WhiteElo "2138"]
[BlackElo "2192"]
[PlyCount "153"]
[EventDate "2013.03.23"]
[EventType "tourn"]
[EventRounds "7"]
[EventCountry "GER"]
[SourceTitle "EXT 2014"]
[Source "ChessBase"]
[SourceDate "2013.11.20"]
[SourceVersion "1"]
[SourceVersionDate "2013.11.20"]
[SourceQuality "1"]

1. d4 e6 2. Nf3 d5 3. e3 c6 4. c4 f5 5. Bd3 Nf6 6. 0-0 Bd6 7. b3 0-0 8. Bb2 Ne4 9. Qc2 Nd7 10. Nbd2 Qf6 11. Rfd1 g5 12. Nf1 g4 13. Ne1 Ng5 14. Be2 h5 15. f4 Ne4 16. Nd3 Qh4 17. Bc3 Nxc3 18. Qxc3 Nf6 19. Qe1 Qxe1 20. Rxe1 b6 21. Rac1 Ne4 22. c5 bxc5 23. Nxc5 Bxc5 24. dxc5 a5 25. Ng3 Nxg3 26. hxg3 Bd7 27. Red1 Rfb8 28. Rd4 Kg7 29. Kf2 Kf6 30. Rh1 Be8 31. Rhd1 Rb4 32. R1d2 e5 33. fxe5+ Kxe5 34. Bd1 Rab8 35. a4 R4b7 36. Rf4 Rb4 37. Bc2 Bg6 38. Ke2 Kf6 39. Rd1 Rxf4 40. exf4 Re8+ 41. Kf2 Bf7 42. Rd4 Be6 43. Ke3 Bc8+ 44. Kd2 Ba6 45. Bd3 Bxd3 46. Kxd3 Re1 47. b4 Rd1+ 48. Kc3 axb4+ 49. Rxb4 Rc1+ 50. Kd4 Ke6 51. a5 Ra1 52. Rb6 Ra4+ 53. Kd3 d4 54. Rxc6+ Kd5 55. Rf6 Ra3+ 56. Kd2 Kxc5 57. Rxf5+ Kc4 58. Rxh5 Ra2+ 59. Ke1 Rxg2 60. a6 Ra2 61. Rh6 Kd3 62. Re6 Ra5 63. Kf2 Kc4 64. Rc6+ Kd5 65. Rg6 Ra2+ 66. Ke1 Ke4 67. Re6+ Kd5 68. f5 d3 69. Rg6 Ke4 70. Re6+ Kxf5 71. Re3 d2+ 72. Kd1 Rxa6 73. Kxd2 Ra4 74. Rb3 Ke4 75. Re3+ Kd5 76. Rb3 Kc4 77. Rd3 1/2-1/2

[Event "SVR-ch MAT-I 36th"]
[Site "Idar Oberstein"]
[Date "2013.03.23"]
[Round "2"]
[White "Reifenroether, Michael"]
[Black "Segna, Ulrich"]
[Result "1/2-1/2"]
[WhiteElo "2068"]
[BlackElo "2138"]
[PlyCount "80"]
[EventDate "2013.03.23"]
[EventType "tourn"]
[EventRounds "7"]
[EventCountry "GER"]
[SourceTitle "EXT 2014"]
[Source "ChessBase"]
[SourceDate "2013.11.20"]
[SourceVersion "1"]
[SourceVersionDate "2013.11.20"]
[SourceQuality "1"]

1. d4 f5 2. Nf3 Nf6 3. c4 g6 4. Nc3 Bg7 5. e3 d6 6. Be2 0-0 7. 0-0 c6 8. b3 Qe8 9. Qc2 Na6 10. Ba3 Nc7 11. Rad1 b5 12. cxb5 Nxb5 13. Nxb5 cxb5 14. Qd3 a6 15. Nd2 Bb7 16. Rc1 Qd7 17. Bf3 Rac8 18. Bxb7 Qxb7 19. Bb2 Rxc1 20. Rxc1 Rc8 21. Rxc8+ Qxc8 22. Qc3 Qxc3 23. Bxc3 Nd5 24. Bb2 Kf7 25. Kf1 e5 26. Nf3 e4 27. Ne1 b4 28. Nc2 a5 29. a3 g5 30. axb4 axb4 31. Bc1 f4 32. Bd2 fxe3 33. fxe3 h5 34. Nxb4 Nxb4 35. Bxb4 Ke6 36. h3 Bf6 37. g4 hxg4 38. hxg4 Bd8 39. Ke2 Kd5 40. Kd2 Bb6 1/2-1/2

[Event "SVR-ch MAT-I 36th"]
[Site "Idar Oberstein"]
[Date "2013.03.23"]
[Round "1"]
[White "Segna, Ulrich"]
[Black "Thieme Garmann, Alexander"]
[Result "1/2-1/2"]
[WhiteElo "2138"]
[BlackElo "2076"]
[PlyCount "145"]
[EventDate "2013.03.23"]
[EventType "tourn"]
[EventRounds "7"]
[EventCountry "GER"]
[SourceTitle "EXT 2014"]
[Source "ChessBase"]
[SourceDate "2013.11.20"]
[SourceVersion "1"]
[SourceVersionDate "2013.11.20"]
[SourceQuality "1"]

1. d4 Nf6 2. Nf3 d6 3. c4 Nbd7 4. Nc3 e5 5. g3 Be7 6. Bg2 0-0 7. 0-0 Re8 8. e4 Bf8 9. h3 c6 10. Be3 a6 11. a4 a5 12. Qc2 Qc7 13. Rfd1 g6 14. Rac1 h6 15. b3 Kh7 16. Rd2 Nh5 17. Nh2 Nb8 18. Qd1 Qe7 19. Qf3 Qf6 20. Qxf6 Nxf6 21. f4 Na6 22. fxe5 dxe5 23. Rf1 Bb4 24. Rc2 Kg7 25. Kh1 Nh5 26. Ne2 Bd6 27. g4 Nf6 28. Bxh6+ Kxh6 29. Rxf6 Be6 30. d5 Kg7 31. Rf1 Bd7 32. Nc1 Bc5 33. Nd3 Bd4 34. Nf3 Nc5 35. Nxd4 Nxd3 36. Ne2 Rh8 37. Kg1 Rad8 38. Rc3 Nc5 39. Nc1 Be8 40. Kh2 Rd6 41. Kg3 g5 42. Rf2 f6 43. Kf3 Bg6 44. Ke3 Kf7 45. Ne2 Ke7 46. Ng3 Kf7 47. Kd2 Ke7 48. Kc1 cxd5 49. cxd5 b6 50. Rfc2 Rdd8 51. Kb2 Ra8 52. Ka3 Rhf8 53. Rc4 Ra7 54. Ne2 Be8 55. Nc1 Bd7 56. Bf1 Rh8 57. R2c3 Kd6 58. Nd3 Rc8 59. Nxc5 bxc5 60. Rf3 Rf8 61. Rc2 Be8 62. Rcf2 Raf7 63. Bc4 Bd7 64. Bf1 Bc8 65. Bb5 Bd7 66. Bxd7 Kxd7 67. Kb2 Ke7 68. Kc3 Rb8 69. h4 gxh4 70. g5 Rb6 71. gxf6+ Rfxf6 72. Rxf6 Rxf6 73. Rh2 1/2-1/2

[Event "SVR-ch MTA 35th"]
[Site "Nickenich"]
[Date "2012.04.06"]
[Round "8"]
[White "Segna, Ulrich"]
[Black "Schaefer, Jochen"]
[Result "0-1"]
[WhiteElo "2051"]
[BlackElo "2157"]
[PlyCount "27"]
[EventDate "2012.03.30"]
[EventType "tourn"]
[EventRounds "9"]
[EventCountry "GER"]
[SourceTitle "EXT 2013"]
[Source "ChessBase"]
[SourceDate "2012.11.22"]
[SourceVersion "1"]
[SourceVersionDate "2012.11.22"]
[SourceQuality "1"]

1. d4 Nf6 2. Nf3 g6 3. c4 Bg7 4. Nc3 0-0 5. e4 d6 6. Be2 a5 7. 0-0 Na6 8. Rb1 e5 9. d5 Nc5 10. Nd2 Ne8 11. b3 f5 12. a3 Nf6 13. Qc2 fxe4 14. Ndxe4 0-1

[Event "SVR-ch MTA 34th"]
[Site "Reil"]
[Date "2011.04.17"]
[Round "4"]
[White "Schwab, Thomas"]
[Black "Segna, Ulrich"]
[Result "0-1"]
[WhiteElo "2101"]
[BlackElo "2044"]
[PlyCount "112"]
[EventDate "2011.04.15"]
[EventType "tourn"]
[EventRounds "9"]
[EventCountry "GER"]
[SourceTitle "EXT 2013"]
[Source "ChessBase"]
[SourceDate "2012.11.22"]
[SourceVersion "1"]
[SourceVersionDate "2012.11.22"]
[SourceQuality "1"]

1. e4 e6 2. b3 d5 3. Bb2 dxe4 4. Nc3 Nf6 5. Qe2 Be7 6. 0-0-0 b6 7. g4 Ba6 8. d3 Nc6 9. Nxe4 Nd4 10. Qe3 c5 11. Bg2 Nxg4 12. Qg3 f5 13. c3 Bh4 14. Qh3 Nb5 15. a4 Nc7 16. Nd6+ Qxd6 17. Qxh4 Rd8 18. d4 0-0 19. Nh3 c4 20. b4 Nd5 21. Rhe1 Nf4 22. Nxf4 Qxf4+ 23. Rd2 g5 24. Qg3 Qxg3 25. hxg3 Rfe8 26. Rde2 Kf7 27. Kc2 Nf6 28. Bc1 h6 29. Bc6 Re7 30. b5 Bc8 31. Ba3 Rc7 32. Bb4 Nd5 33. Ba3 Kf6 34. Re5 Rh7 35. Rh1 h5 36. Bc1 Ne7 37. Bf3 Ng6 38. Ree1 h4 39. g4 Bb7 40. Re3 f4 41. Bxb7 fxe3 42. Be4 exf2 43. Rf1 Rh6 44. Rxf2+ Nf4 45. Bxf4 gxf4 46. Rxf4+ Kg5 47. Rf7 h3 48. Kd2 h2 49. Bh1 Kxg4 50. Rxa7 e5 51. Ra6 exd4 52. a5 d3 53. axb6 Re6 54. b7 Re2+ 55. Kd1 Rf8 56. Rg6+ Kh5 0-1

[Event "SVR-ch MTA 34th"]
[Site "Reil"]
[Date "2011.04.16"]
[Round "2"]
[White "Segna, Ulrich"]
[Black "Schlick, Volker"]
[Result "0-1"]
[WhiteElo "2044"]
[BlackElo "2317"]
[PlyCount "112"]
[EventDate "2011.04.15"]
[EventType "tourn"]
[EventRounds "9"]
[EventCountry "GER"]
[SourceTitle "EXT 2013"]
[Source "ChessBase"]
[SourceDate "2012.11.22"]
[SourceVersion "1"]
[SourceVersionDate "2012.11.22"]
[SourceQuality "1"]

1. d4 g6 2. c4 Nf6 3. Nc3 d5 4. cxd5 Nxd5 5. e4 Nxc3 6. bxc3 Bg7 7. Nf3 c5 8. Rb1 0-0 9. Be2 b6 10. 0-0 Bb7 11. Qd3 Ba6 12. Qe3 Qc8 13. Rd1 Bxe2 14. Qxe2 Qa6 15. Qxa6 Nxa6 16. Be3 Rfc8 17. Rdc1 e6 18. Kf1 h6 19. h4 f5 20. e5 c4 21. Nd2 Bf8 22. a4 Rab8 23. g3 Kg7 24. Rc2 Rb7 25. Ra1 Be7 26. f4 Nc7 27. Kf2 Nd5 28. Nf1 g5 29. hxg5 hxg5 30. fxg5 Rh8 31. Bd2 Kg6 32. Kf3 Bd8 33. Ne3 Rh2 34. Nxd5 exd5 35. Raa2 Rbh7 36. Bf4 Rh1 37. Re2 Rf1+ 38. Rf2 Rb1 39. Rae2 Rb3 40. Re3 Rh1 41. e6 Be7 42. Ra2 Rc1 43. Rh2 Rf1+ 44. Kg2 Rb2+ 45. Kxf1 Rxh2 46. Bb8 Rb2 47. Re5 Rb3 48. Rxd5 Rxc3 49. Re5 Rd3 50. Ke2 Rxd4 51. Bxa7 c3 52. Re3 Rc4 53. Kd1 c2+ 54. Kc1 Bxg5 55. Bxb6 Re4 56. Kxc2 Bxe3 0-1

[Event "Rheinland Pfalz op 2nd"]
[Site "Schweich"]
[Date "2010.07.17"]
[Round "5"]
[White "Segna, Ulrich"]
[Black "Dietzsch, Herbert"]
[Result "0-1"]
[WhiteElo "1987"]
[BlackElo "2120"]
[PlyCount "88"]
[EventDate "2010.07.16"]
[EventType "swiss"]
[EventRounds "7"]
[EventCountry "GER"]
[SourceTitle "EXT 2012"]
[Source "ChessBase"]
[SourceDate "2011.11.24"]
[SourceVersion "1"]
[SourceVersionDate "2011.11.24"]
[SourceQuality "1"]

1. d4 d5 2. Nf3 c6 3. e3 Bf5 4. c4 e6 5. Nc3 Nf6 6. Qb3 Qc7 7. Nh4 Bg6 8. Bd2 Be7 9. c5 Ne4 10. Nxg6 Nxd2 11. Kxd2 hxg6 12. Na4 Nd7 13. Rd1 Rb8 14. h3 b6 15. cxb6 Nxb6 16. Nxb6 Rxb6 17. Qc2 Qb7 18. Rb1 Kd7 19. Bd3 Rb8 20. b3 Qc7 21. f4 g5 22. Rhf1 f5 23. Bxf5 exf5 24. Qxf5+ Ke8 25. fxg5 Qg3 26. Rf2 Qxg5 27. Qh7 Bf6 28. Rbf1 Rb4 29. Ke2 R8b7 30. g4 Re7 31. Rf4 Bxd4 32. h4 Qe5 33. Qd3 Qxe3+ 34. Qxe3 Bxe3 35. Rxb4 Bc5+ 36. Kd3 Bxb4 37. Rf4 Bc5 38. b4 Bd6 39. Rf5 Bxb4 40. g5 Kd7 41. h5 Bd6 42. h6 gxh6 43. gxh6 Ke6 44. Rh5 Rh7 0-1

[Event "Rheinland Pfalz op 2nd"]
[Site "Schweich"]
[Date "2010.07.16"]
[Round "3"]
[White "Segna, Ulrich"]
[Black "Perske, Thore"]
[Result "1-0"]
[WhiteElo "1987"]
[BlackElo "1679"]
[PlyCount "117"]
[EventDate "2010.07.16"]
[EventType "swiss"]
[EventRounds "7"]
[EventCountry "GER"]
[SourceTitle "EXT 2012"]
[Source "ChessBase"]
[SourceDate "2011.11.24"]
[SourceVersion "1"]
[SourceVersionDate "2011.11.24"]
[SourceQuality "1"]

1. d4 Nf6 2. Nf3 g6 3. c4 Bg7 4. Nc3 0-0 5. e4 d6 6. Be2 e5 7. 0-0 Nc6 8. d5 Ne7 9. b4 Ne8 10. a4 f5 11. Ng5 Nf6 12. f3 h6 13. Ne6 Bxe6 14. dxe6 Qc8 15. Nd5 Re8 16. Qc2 f4 17. Rd1 Nc6 18. Bb2 Nd8 19. e7 Nc6 20. Rac1 Nxe7 21. c5 Nfxd5 22. cxd6 cxd6 23. Qb3 Qd8 24. Bc4 Kh7 25. Bxd5 Nxd5 26. Rxd5 Qb6+ 27. Kf1 Rac8 28. Rcd1 Red8 29. Ba3 Rd7 30. b5 Rcd8 31. R1d3 Bf8 32. Bb4 Qc7 33. a5 Qc1+ 34. Rd1 Qc7 35. Qd3 Kg7 36. Bc3 Kh7 37. Bxe5 Qxa5 38. Bxf4 Qc7 39. e5 Rf7 40. exd6 Qd7 41. Bg3 Rc8 42. h4 Rf6 43. Re1 Re6 44. Rd1 Bg7 45. Kg1 Rc3 46. Qd2 a6 47. bxa6 bxa6 48. Re1 Rxe1+ 49. Qxe1 Kg8 50. Kh2 Rc8 51. Qe4 Kh7 52. h5 Kg8 53. Qxg6 Ra8 54. Re5 Qf7 55. Qg4 a5 56. Re7 Qf8 57. Be5 a4 58. Rxg7+ Kh8 59. Rg8+ 1-0